| 000 | 00688cam a2200193 4500 | ||
|---|---|---|---|
| 008 | 010911n2001 000 0 eng u | ||
| 035 | _a(Sirsi) u114528 | ||
| 100 | _aBarbor, K | ||
| 245 | _aRemote sensing in hydrography | ||
| 260 | _c2001 | ||
| 490 |
_aHydro International _v5(6) September 2001, 7-9(3) |
||
| 520 | _aExamines some of the recent advances in remote sensing, from the development of Fessenden's acoustic device into multibeam and side scan sonars, and how they can be put to use in hydrography. | ||
| 650 | _aREMOTE SENSING | ||
| 650 |
_aHYDROGRAPHY _96245 |
||
| 650 | _aSONAR | ||
| 650 | _aEXPLORATION | ||
| 690 | _aGEOMATICS-HYDROGRAPHIC SURVEYING | ||
| 942 | _n0 | ||
| 999 |
_c68234 _d68234 |
||